000 00809nam a2200253Ia 4500
003 Ost
005 20260507075138.0
008 260507s9999||||xx |||||||||||||| ||und||
040 _cfsecg
041 _aara
082 _a330
100 _aمطيع، ياسر
_eمؤلف
245 0 _aمفاهيم اساسية في تحليل و تصميم نظم المعلومات /
_c ياسر مطيع
260 _aعمان:
_bمكتبة المجتمع العربي,
_c2009
300 _a162 صفحة؛
653 _aتحليل
653 _aمخططات
653 _aمعلومات ادارية
653 _aنظم
653 _aنظم المعلومات- المؤسسة الممتدة
653 _aنظم هيكلي
700 _aمحمد، نصر الله
_eمؤلف ثانوي
942 _cكتاب
999 _c43284
_d43284